MARC

LEADER 00000nam0a2200000 4500
001 200400
005 20231031184657.0
010 |a 506000788X 
020 |a RU  |b 91-14469 
035 |a (RuTPU)RU\TPU\book\218470 
090 |a 200400 
100 |a 20110906d1991 km y0rusy5003 ca 
101 0 |a rus  |a spa 
102 |a RU 
105 |a y z 001zy 
200 1 |a Испанский речевой этикет  |f Н. М. Фирсова 
210 |a Москва  |c Высшая школа  |d 1991 
215 |a 174 с. 
320 |a Библиогр.: с. 163-166. 
610 1 |a испанский язык 
610 1 |a культура речи 
610 1 |a речевой этикет 
610 1 |a устная речь 
610 1 |a телефонные разговоры 
686 |a Ш147.21  |2 rubbk 
700 1 |a Фирсова  |b Н. М.  |g Наталия Михайловна  |4 070 
801 0 |a RU  |b RuMRKP  |c 19950417  |g psbo 
801 1 |a RU  |b 63413507  |c 20110906 
801 2 |a RU  |b 63413507  |c 20110908  |g RCR 
942 |c BK